000 00600nam a2200193 a 4500
005 20240706063635.0
008 991125s1992 mx 000 0 spa u
020 _a968244456X
035 _aUPN01000002488
049 _aCG
050 4 _aLC4019
_bH6.28
100 1 _aHourdín, Georges
245 1 1 _a"Amo la vida", dijo ella finalmente :
_borientaciones de un padre con hija Down /
_cGeorges Hourdín ; María Torres Sasía.
260 _aMéxico :
_bTrillas,
_c1992.
300 _a222 p.
650 4 _aSíndrome de Down
_9923
650 4 _aNiños con discapacidad
_xEducación
_91549
905 _aLibro
999 _c2488
_d2488